Catálogo
 En Linea

La expropiación de la banca en México : (Registro nro. 33973)

Detalles MARC
000 -CABECERA
campo de control de longitud fija 00756nam a2200193 a 4500
001 - NÚMERO DE CONTROL
campo de control 000034482
005 - FECHA Y HORA DE LA ÚLTIMA TRANSACCIÓN
campo de control 20200930073726.0
008 - DATOS DE LONGITUD FIJA--INFORMACIÓN GENERAL
campo de control de longitud fija 111005s2009 mx a 000 0 spa d
020 ## - NÚMERO INTERNACIONAL ESTÁNDAR DEL LIBRO
Número Internacional Estándar del Libro 9786079513825
040 ## - FUENTE DE LA CATALOGACIÓN
Centro catalogador/agencia de origen DO-SdBNP
Lengua de catalogación spa
Centro/agencia transcriptor BNPHU
082 ## - NÚMERO DE LA CLASIFICACIÓN DECIMAL DEWEY
Número de clasificación xxx
Número de documento/Ítem A581e
100 1# - ENTRADA PRINCIPAL--NOMBRE DE PERSONA
Nombre de persona Ángel Mobarak, Gustavo A. del
9 (RLIN) 59922
245 13 - MENCIÓN DE TÍTULO
Título La expropiación de la banca en México :
Resto del título un ensayo de economía política /
Mención de responsabilidad, etc. Gustavo A. del Ángel Mobarat, César Martinelli Montoya.
260 ## - PUBLICACIÓN, DISTRIBUCIÓN, ETC.
Lugar de publicación, distribución, etc. México :
Nombre del editor, distribuidor, etc. Centro de Estudios Espinosa Yglesias,
Fecha de publicación, distribución, etc. 2009.
300 ## - DESCRIPCIÓN FÍSICA
Extensión 159 p. :
Otras características físicas il. ;
Dimensiones 24 cm.
500 ## - NOTA GENERAL
Nota general Incluye datos biográficos del autor en la solapa de la cubierta
500 ## - NOTA GENERAL
Nota general Incluye notas al pie de las páginas
700 1# - PUNTO DE ACCESO ADICIONAL--NOMBRE DE PERSONA
Nombre de persona Martinelli Montoya, César
9 (RLIN) 59923
Existencias
Estado de retiro Estado de pérdida Restricciones de uso No para préstamo Código de colección Localización permanente Ubicación/localización actual Ubicación en estantería Fecha de adquisición Número de inventario Total de préstamos Signatura topográfica completa Código de barras Fecha visto por última vez Precio válido a partir de Tipo de ítem Koha Número de copia
        Monografías: Libros y Folletos General General Depósito 05.10.2011 LF1   xxx A581e 34482-10 25.06.2020 25.06.2020 Préstamo en sala  
  Extraviado Préstamo interno Préstamo restrigido Monografías: Libros y Folletos General General Extraviado 20.03.2012 LF1   xxx A581e 34482-20 25.06.2020 25.06.2020 Préstamo interno e. 2

Con tecnología Koha